Evaluación de la aptitud física y prescripción del ejercicio (Registro nro. 61222)
[ vista simple ]
| 000 -ENCABEZADO | |
|---|---|
| Número de control [NR] | 01218nam a2200301Ia 4500 |
| 005 - FECHA Y HORA DE LA ÚLTIMA TRANSACCIÓN | |
| control field | 20211105120552.0 |
| 008 - DE LONGITUD FIJA DE DATOS DE ELEMENTOS - INFORMACIÓN GENERAL | |
| Elementos de longitud fija [NR] | 130821s2008 sp ado fr 1 spa |
| 020 ## - NUMERO INTERNACIONAL NORMALIZADO PARA LIBROS [R] | |
| Número Internacional Normalizado del libro [NR] | 9788479038694 |
| 040 ## - FUENTE DE CATALOGACION [NR] | |
| Agencia de catalogación original [NR] | Co-BoUCM |
| Idioma de catalogación [NR] | spa |
| Quien Cataloga | Jose A. Gerena (modificó) |
| Quien Clasifica | [Nuevo] |
| 041 00 - CODIGO DE IDIOMA [R] | |
| Código de idioma para texto/pista de sonido o título separado [R] | Español |
| 060 00 - SIGNATURA TOPOGRAFICA DE LA BIBLIOTECA NACIONAL DE MEDICINA (NLM) [R] | |
| Número clasificador [R] | QT 255 |
| 100 1# - ASIENTO PRINCIPAL--NOMBRE PERSONAL [NR] | |
| Nombre personal [NR] | Heyward, Vivian H. |
| ID Autoridad | 51274 |
| 245 10 - MENCION DE TITULO [NR] | |
| Título [NR] | Evaluación de la aptitud física y prescripción del ejercicio |
| Mención de responsabilidad, etc. [NR] | Vivian H. Heyward ; traductores Liliana Mesher y Karina Tzal |
| 250 ## - MENCION DE EDICION [NR] | |
| Mención de edición [NR] | 5a ed |
| 260 ## - PUBLICACION, DISTRIBUCION, ETC. (PIE DE IMPRENTA) [R] | |
| Lugar de publicación, distribución, etc. [R] | Madrid (España) |
| Nombre del editor, distribuidor, etc. [R] | Editoria Medica Panamericana |
| Fecha de publicación, distribución, etc. [R] | 2008 |
| 300 ## - DESCRIPCION FISICA [R] | |
| Extensión [R] | xiii, 425 páginas |
| Otros detalles físicos [NR] | ilustraciones, gráficas, fotografías |
| 504 ## - NOTA DE BIBLIOGRAFIA, ETC. [R] | |
| Nota de bibliografía, etc. [NR] | Incluye referencias bibliográficas e índices |
| 650 07 - ASIENTO SECUNDARIO DE MATERIA - TERMINO TEMATICO [R] | |
| Término temático o nombre geográfico como elemento de entrada [NR] | Aptitudes físicas |
| Subdivisión general [R] | Pruebas |
| 9 (RLIN) | 9285 |
| 650 07 - ASIENTO SECUNDARIO DE MATERIA - TERMINO TEMATICO [R] | |
| Término temático o nombre geográfico como elemento de entrada [NR] | Ejercicio |
| Subdivisión general [R] | Aspectos fisiológicos |
| 9 (RLIN) | 13945 |
| 650 07 - ASIENTO SECUNDARIO DE MATERIA - TERMINO TEMATICO [R] | |
| Término temático o nombre geográfico como elemento de entrada [NR] | Medicina deportiva |
| 9 (RLIN) | 19146 |
| 650 07 - ASIENTO SECUNDARIO DE MATERIA - TERMINO TEMATICO [R] | |
| Término temático o nombre geográfico como elemento de entrada [NR] | Prescripciones médicas |
| Subdivisión de forma [R] | Evaluación |
| 9 (RLIN) | 22227 |
| 690 ## - ASUNTO AGREGADO LOCAL DE ENTRADA - TÉRMINO TEMÁTICO (OCLC, RLIN) | |
| Acceso temático local | Medicina deportiva |
| 9 (RLIN) | 19146 |
| 700 1# - ASIENTO SECUNDARIO - NOMBRE PERSONAL [R] | |
| Nombre personal [NR] | Mesher, Liliana |
| Término de relación [R] | traductor |
| 9 (RLIN) | 51275 |
| 700 1# - ASIENTO SECUNDARIO - NOMBRE PERSONAL [R] | |
| Nombre personal [NR] | Tzal, Karina |
| Término de relación [R] | traductor |
| 9 (RLIN) | 68347 |
| 710 2# - ASIENTO SECUNDARIO - NOMBRE CORPORATIVO [R] | |
| Nombre corporativo o de jurisdicción como elemento de entrada [NR] | Editorial Medica Panamericana |
| 9 (RLIN) | 31707 |
| 765 0# - ASIENTO DE IDIOMA ORIGINAL [R] | |
| Título [NR] | Advanced fitness assessment and exercise prescription |
| 942 ## - ELEMENTOS DE ENTRADA AGREGADOS (KOHA) | |
| Tipo de ítem principal el descrito en 300a | Libro |
| Tema principal | Medicina |
| Edición | 5 |
| Parte restante de la signatura top. | H622 |
| Sistema de clasificación | NLM |
| Clasificación | QT 255 |
| Título oculto en OPAC | No |
| Fecha de último préstamo | Total préstamos | Total Renewals | Signatura topográfica | Código de barras | Última vez visto | Volúmen / Fascículo | Ejemplar | Price effective from | Tipo de ítem | Perdido | Sistema de clasificación | Dañado | No prestable | Tipo de ítem específico | Suprimido | Ubicación habitual | Ubicación actual | Localización | Fecha de creación | Forma de adquisición | Costo | Costo de reposición | Proveedor |
|---|---|---|---|---|---|---|---|---|---|---|---|---|---|---|---|---|---|---|---|---|---|---|---|
| 12/11/2025 | 241 | 84 | QT 255 H622 | 200019406 | 27/02/2026 | 5a.Ed. | Ej.5 | 03/02/2013 | Libro | NLM | Libro | Quinta de Mutis | Quinta de Mutis | 1er piso | 30/09/2010 | Compra | 122000.00 | ||||||
| 29/01/2026 | 255 | 99 | QT 255 H622 | 200019407 | 29/01/2026 | 5a.Ed. | Ej.6 | 03/02/2013 | Libro | NLM | Libro | Quinta de Mutis | Quinta de Mutis | 1er piso | 30/09/2010 | Compra | 122000.00 | ||||||
| 23/01/2025 | 225 | 89 | QT 255 H622 | 200019408 | 27/02/2026 | 5a.Ed. | Ej.7 | 03/02/2013 | Libro | NLM | Libro | Quinta de Mutis | Quinta de Mutis | 1er piso | 30/09/2010 | Compra | 122000.00 | ||||||
| 12/11/2025 | 250 | 55 | QT 255 H622 | 200018891 | 11/12/2025 | 5a.Ed. | Ej.4 | 03/02/2013 | Libro | NLM | Libro | Quinta de Mutis | Quinta de Mutis | 1er piso | 30/09/2009 | Compra | 122000.00 | ||||||
| 31/07/2025 | 263 | 97 | QT 255 H622 | 200018889 | 11/12/2025 | 5a.Ed. | Ej.2 | 03/02/2013 | Libro | NLM | Libro | Quinta de Mutis | Quinta de Mutis | 1er piso | 30/09/2009 | Compra | 122000.00 | ||||||
| 25/02/2026 | 290 | 102 | QT 255 H622 | 200018890 | 28/04/2026 | 5a.Ed. | Ej.3 | 03/02/2013 | Libro | NLM | Libro | Quinta de Mutis | Quinta de Mutis | 1er piso | 30/09/2009 | Compra | 122000.00 | ||||||
| 19/11/2025 | 229 | 93 | QT 255 H622 | 200020958 | 11/05/2026 | 5a.Ed. | Ej.8 | 03/02/2013 | Libro | NLM | Libro | Quinta de Mutis | Quinta de Mutis | 1er piso | 28/02/2013 | Donación | 26000.00 | ||||||
| 27/02/2024 | 135 | 109 | QT 255 H622 | 200024211 | 11/12/2025 | 5a.Ed. | Ej.9 | 03/02/2013 | Libro | NLM | Libro | Quinta de Mutis | Quinta de Mutis | 1er piso | 28/02/2013 | Compra | 96000.00 | ||||||
| 01/10/2025 | 132 | 117 | QT 255 H622 | 200024212 | 11/12/2025 | 5a.Ed. | Ej.10 | 03/02/2013 | Libro | NLM | Libro | Quinta de Mutis | Quinta de Mutis | 1er piso | 28/02/2013 | Compra | 96000.00 | ||||||
| 21/04/2025 | 142 | 109 | QT 255 H622 | 200024214 | 23/02/2026 | 5a.Ed. | Ej.12 | 03/02/2013 | Libro | NLM | Libro | Quinta de Mutis | Quinta de Mutis | 1er piso | 28/02/2013 | Compra | 96000.00 | ||||||
| 23/05/2024 | 32 | QT 255 H622 | 200007544 | 11/12/2025 | 5a.Ed. | Ej.1 | 03/02/2013 | Libro de reserva | NLM | Libro de reserva | Quinta de Mutis | Quinta de Mutis | 1er piso | 30/09/2003 | Compra | 90000.00 | |||||||
| 23/04/2024 | 105 | 74 | QT 255 H622 | 200025598 | 11/12/2025 | 5a.Ed. | Ej.13 | 14/11/2013 | Libro | NLM | Libro | Quinta de Mutis | Quinta de Mutis | 1er piso | 14/11/2013 | Compra | 102400.00 | 102400.00 | 17 | ||||
| 28/08/2024 | 107 | 74 | QT 255 H622 | 200028377 | 11/12/2025 | 5a.Ed. | Ej.15 | 11/03/2015 | Libro | NLM | Libro | Quinta de Mutis | Quinta de Mutis | 1er piso | 11/03/2015 | Donación | 0.00 | 26000.00 | 12 | ||||
| 18/04/2024 | 98 | 70 | QT 255 H622 | 200028381 | 11/12/2025 | 5a.Ed. | Ej.16 | 25/03/2015 | Libro | NLM | Libro | Quinta de Mutis | Quinta de Mutis | 1er piso | 25/03/2015 | Donación | 0.00 | 26000.00 | 12 |